[Event "GBR-ch U14 106th"]
[Site "Torquay"]
[Date "2019.07.30"]
[Round "3"]
[White "Brightley Davies, Ciaran"]
[Black "Lokwani, Lakshya"]
[Result "0-1"]
[WhiteElo "1469"]
[BlackElo "1572"]
[PlyCount "130"]
[EventDate "2019.07.28"]
[EventType "swiss"]
[EventRounds "7"]
[EventCountry "ENG"]
[SourceTitle "EXT 2020"]
[Source "ChessBase"]
[SourceDate "2019.10.17"]
[SourceVersion "1"]
[SourceVersionDate "2019.10.17"]
[SourceQuality "1"]

1. e4 c5 2. Nf3 d6 3. d4 cxd4 4. Nxd4 Nf6 5. Nc3 a6 6. Be3 e5 7. Nb3 Be6 8. Qd2 Be7 9. f3 Nbd7 10. 0-0-0 0-0 11. g4 b5 12. g5 b4 13. gxf6 bxc3 14. Qxc3 Nxf6 15. h4 a5 16. a3 a4 17. Na1 Rc8 18. Qb4 d5 19. Qxa4 d4 20. Qb5 Qc7 21. Bg5 Rb8 22. Qd3 Rfc8 23. Rg1 Qb6 24. b4 Rc3 25. Qa6 Qxa6 26. Bxa6 Rxa3 27. b5 Rxa1+ 28. Kd2 Rxd1+ 29. Rxd1 h6 30. Bxf6 Bxf6 31. h5 Bc8 32. Ra1 Bxa6 33. bxa6 Ra8 34. Kd3 Kf8 35. Kc4 Ke8 36. Kb5 Kd7 37. Kb6 Rb8+ 38. Ka7 Rb5 39. Ka8 Kc6 40. a7 Be7 41. Ra6+ Kc7 42. Ra4 Bc5 43. Ra6 Bb6 44. Ra4 Rc5 45. Rb4 Rxc2 46. f4 exf4 47. e5 Rc6 48. Rxb6 Kxb6 49. Kb8 Rc8+ 50. Kxc8 Kxa7 51. Kd7 d3 52. Ke7 d2 53. Kxf7 d1Q 54. e6 Qe2 55. e7 f3 56. e8Q Qxe8+ 57. Kxe8 f2 58. Kf8 f1Q+ 59. Kxg7 Qf4 60. Kg6 Kb7 61. Kh7 Qg5 62. Kh8 Kc7 63. Kh7 Kd7 64. Kh8 Ke7 65. Kh7 Kf7 0-1

[Event "BCF-ch U14"]
[Site "Hull"]
[Date "2018.08.01"]
[Round "4"]
[White "Shchepinova, Polina"]
[Black "Brightley Davies, Ciaran"]
[Result "1-0"]
[WhiteElo "1496"]
[BlackElo "1547"]
[PlyCount "99"]
[EventDate "2018.07.29"]
[EventType "swiss"]
[EventRounds "7"]
[EventCountry "ENG"]
[SourceTitle "CBM 186 Extra"]
[Source "ChessBase"]
[SourceDate "2018.08.24"]
[SourceVersion "1"]
[SourceVersionDate "2018.08.24"]
[SourceQuality "1"]

1. e4 e6 2. d4 d5 3. Nd2 dxe4 4. Nxe4 Bd7 5. c4 Bc6 6. Nc3 Bb4 7. Nf3 Nf6 8. Be2 0-0 9. Qb3 a5 10. 0-0 Bxc3 11. bxc3 a4 12. Qb2 a3 13. Qb3 Qd6 14. c5 Qd5 15. Bxa3 Qe4 16. Rfe1 Qg4 17. h3 Qg6 18. Bb4 Ne4 19. Qc2 Nd7 20. Bd3 f5 21. Kh2 Ng5 22. Nxg5 Qxg5 23. Rg1 f4 24. Bxh7+ Kh8 25. Be4 Nf6 26. Bxc6 bxc6 27. Qe2 Rae8 28. Qf3 e5 29. g3 e4 30. Qxf4 Qxf4 31. gxf4 Nd5 32. c4 Nxb4 33. Rg4 Nd3 34. Rg6 Rxf4 35. Rg2 Rxf2 36. Rxf2 Nxf2 37. Re1 e3 38. Kg3 Kh7 39. Kf3 Nxh3 40. Rxe3 Rxe3+ 41. Kxe3 g5 42. a4 Nf4 43. a5 Kh6 44. a6 Kh5 45. a7 Nd3 46. Kxd3 g4 47. a8Q g3 48. Qh8+ Kg4 49. Qg7+ Kf4 50. Qf6+ 1-0

[Event "BCF-ch U14"]
[Site "Hull"]
[Date "2018.07.31"]
[Round "3"]
[White "Brightley Davies, Ciaran"]
[Black "Sanitt, Leo"]
[Result "0-1"]
[WhiteElo "1547"]
[BlackElo "1702"]
[PlyCount "156"]
[EventDate "2018.07.29"]
[EventType "swiss"]
[EventRounds "7"]
[EventCountry "ENG"]
[SourceTitle "CBM 186 Extra"]
[Source "ChessBase"]
[SourceDate "2018.08.24"]
[SourceVersion "1"]
[SourceVersionDate "2018.08.24"]
[SourceQuality "1"]

1. e4 e6 2. d4 d5 3. Nd2 c5 4. c3 Nc6 5. Ngf3 Nf6 6. e5 Nd7 7. Bd3 Qb6 8. 0-0 cxd4 9. cxd4 Nxd4 10. Nxd4 Qxd4 11. Nf3 Qb6 12. Qa4 Qb4 13. Qc2 g6 14. Bd2 Qb6 15. Be3 Qb4 16. Rac1 Bg7 17. a3 Qa5 18. Bd4 0-0 19. h4 Qd8 20. h5 b6 21. Kh2 Bb7 22. hxg6 fxg6 23. Qc7 Rb8 24. Rh1 Rf7 25. Qxd8+ Rxd8 26. Ng5 Re7 27. f4 Nf8 28. b4 Bh6 29. a4 Bxg5 30. fxg5 Rc8 31. Rxc8 Bxc8 32. Rc1 Bb7 33. a5 bxa5 34. bxa5 a6 35. Rb1 Rc7 36. Rb6 Kf7 37. Bxa6 Bxa6 38. Rxa6 Nd7 39. Ra8 Rc4 40. Bg1 d4 41. Rh8 Nf8 42. a6 Kg7 43. Rxf8 Kxf8 44. a7 Ra4 45. Bxd4 Ke8 46. Kg3 Kd7 47. Kf3 Kc6 48. Ke2 Kd5 49. Be3 Kxe5 50. Kd3 Kd5 51. Kc3 Kc6 52. Kb3 Ra6 53. Kb4 Kb7 54. Kb5 Ra2 55. g3 Ra3 56. Bf4 Kxa7 57. Kc6 Rd3 58. Kc7 Rd5 59. Kc6 Ka6 60. Bd6 Ka5 61. Kd7 e5 62. Ke6 Rxd6+ 63. Kxe5 Rd7 64. Kf6 Kb4 65. Ke5 Rf7 66. Ke6 Rf5 67. Ke7 Rxg5 68. Kf7 Rxg3 69. Kg7 g5 70. Kh6 Rh3+ 71. Kxg5 Rg3+ 72. Kh4 Rg1 73. Kh3 Kc4 74. Kh2 Rg6 75. Kh3 Kd4 76. Kh4 Ke4 77. Kh5 Kf4 78. Kh4 Rh6# 0-1

[Event "BCF-ch U12"]
[Site "Llandudno"]
[Date "2017.08.04"]
[Round "6"]
[White "Yu, Leo"]
[Black "Brightley Davies, Ciaran"]
[Result "1-0"]
[WhiteElo "1359"]
[BlackElo "1450"]
[PlyCount "127"]
[EventDate "2017.07.30"]
[EventType "swiss"]
[EventRounds "7"]
[EventCountry "WLS"]
[SourceTitle "CBM 179 Extra"]
[Source "ChessBase"]
[SourceDate "2017.08.23"]
[SourceVersion "1"]
[SourceVersionDate "2017.08.23"]
[SourceQuality "1"]

1. e4 e6 2. d4 d5 3. e5 c5 4. c3 Nc6 5. Nf3 Qb6 6. Bd3 Bd7 7. 0-0 cxd4 8. cxd4 Nxd4 9. Nbd2 Rc8 10. Nxd4 Qxd4 11. Nf3 Qb6 12. Ng5 h6 13. Qh5 Ne7 14. Nxf7 Rg8 15. Nxh6+ g6 16. Qg4 Rxc1 17. Nxg8 Rxa1 18. Rxa1 Qxb2 19. Nf6+ Kd8 20. Rb1 Qxe5 21. Nxd7 Kxd7 22. Rxb7+ Kc6 23. Rxa7 Nf5 24. Qa4+ Kd6 25. Qd7+ Kc5 26. Qb5+ Kd6 27. Ra6+ Ke7 28. Qc5+ Kf7 29. Ra7+ Kg8 30. Qc7 Qe1+ 31. Bf1 Bg7 32. g4 Qd1 33. gxf5 Qg4+ 34. Qg3 Qxf5 35. Ra8+ Kf7 36. Qc7+ Kf6 37. Qc3+ e5 38. Qc6+ Kg5 39. Qxd5 Bh6 40. Qg2+ Kf6 41. Ra6+ Kg7 42. Qb7+ Kh8 43. Qc6 Kg7 44. Ra7+ Kh8 45. Qe8+ Bf8 46. Rf7 Qg5+ 47. Kh1 Qh6 48. Qxf8+ Qxf8 49. Rxf8+ Kg7 50. Re8 e4 51. a4 Kf7 52. Bb5 e3 53. fxe3 g5 54. a5 g4 55. a6 g3 56. h3 g2+ 57. Kxg2 Kg7 58. Re6 Kf7 59. Bc4 Kf8 60. a7 Kf7 61. a8Q Kg7 62. Qa7+ Kf8 63. Rc6 Ke8 64. Rc8# 1-0

[Event "BCF-ch U12"]
[Site "Llandudno"]
[Date "2017.07.31"]
[Round "2"]
[White "Akeya Price, Robert A"]
[Black "Brightley Davies, Ciaran"]
[Result "1-0"]
[WhiteElo "1746"]
[BlackElo "1450"]
[PlyCount "129"]
[EventDate "2017.07.30"]
[EventType "swiss"]
[EventRounds "7"]
[EventCountry "WLS"]
[SourceTitle "CBM 179 Extra"]
[Source "ChessBase"]
[SourceDate "2017.08.23"]
[SourceVersion "1"]
[SourceVersionDate "2017.08.23"]
[SourceQuality "1"]

1. d4 Nf6 2. c4 e6 3. Nf3 Bb4+ 4. Bd2 Qe7 5. Nc3 Nc6 6. g3 d5 7. cxd5 Nxd5 8. Bg2 0-0 9. a3 Ba5 10. b4 Bb6 11. e3 Nxc3 12. Bxc3 a6 13. 0-0 Bd7 14. Qb3 Qd6 15. Rad1 Ne7 16. a4 Bc6 17. Bb2 Nd5 18. Ba3 Bxa4 19. Qxa4 Nc3 20. Qb3 Nxd1 21. b5 Qd5 22. Qxd5 exd5 23. Bxf8 Nxe3 24. fxe3 Rxf8 25. bxa6 bxa6 26. Ne5 f6 27. Bxd5+ Kh8 28. Nd7 Rd8 29. Nxb6 cxb6 30. Bc4 b5 31. Be2 Rd6 32. Rc1 g6 33. Kf2 Rb6 34. Ra1 Kg7 35. Ke1 Kf7 36. Kd2 Ke7 37. Kc3 Re6 38. Kd2 Rb6 39. Ra3 Kd7 40. Kc2 Kc7 41. Kb3 Re6 42. Kb4 Kb6 43. Bf3 a5+ 44. Rxa5 Rxe3 45. Rxb5+ Ka6 46. Bb7+ Ka7 47. Kc5 Rc3+ 48. Kd6 Rc2 49. d5 Rxh2 50. Kc7 Rc2+ 51. Bc6 Ra2 52. Rb7+ Ka6 53. Bb5+ Ka5 54. Ra7+ Kxb5 55. Rxa2 f5 56. d6 f4 57. gxf4 g5 58. fxg5 h5 59. d7 h4 60. d8Q h3 61. Rc2 Kb4 62. Qb8+ Ka3 63. Kc6 h2 64. Rxh2 Ka4 65. Ra2# 1-0

[Event "BCF-chT4S 1617 (4NCL)"]
[Site "England"]
[Date "2017.01.14"]
[Round "3.106"]
[White "Brightley Davies, Ciaran"]
[Black "Thornley, Oliver"]
[Result "0-1"]
[WhiteElo "1472"]
[BlackElo "1540"]
[PlyCount "118"]
[EventDate "2016.11.26"]
[EventType "team-swiss"]
[EventRounds "11"]
[EventCountry "ENG"]
[SourceTitle "EXT 2019"]
[Source "ChessBase"]
[SourceDate "2018.10.10"]
[SourceVersion "1"]
[SourceVersionDate "2018.10.10"]
[SourceQuality "1"]
[WhiteTeam "Kent KJCA Kestrels"]
[BlackTeam "Sandhurst Cadets"]
[WhiteTeamCountry "ENG"]
[BlackTeamCountry "ENG"]

1. e4 c6 2. Nf3 d5 3. d3 dxe4 4. dxe4 Qxd1+ 5. Kxd1 Nf6 6. Bd3 Bg4 7. Nbd2 Nbd7 8. h3 Bh5 9. Be2 0-0-0 10. Ng5 Bg6 11. Bd3 Ne5 12. Ke2 h6 13. Ngf3 Nxd3 14. cxd3 e6 15. Rd1 Bc5 16. Nc4 Bd4 17. g4 c5 18. Nfe5 b5 19. Nxg6 fxg6 20. Ne3 Rhf8 21. Bd2 a6 22. Rac1 Kb7 23. Bc3 Kb6 24. Bxd4 Rxd4 25. b3 Nd7 26. Nc2 Rd6 27. Ke3 e5 28. b4 Rdf6 29. bxc5+ Nxc5 30. Rf1 Rf3+ 31. Ke2 Nxd3 32. Rcd1 Nc5 33. Rd6+ Ka5 34. Rxg6 Nxe4 35. Rxg7 Ng3+ 36. fxg3 Rxf1 37. g5 hxg5 38. Rxg5 R8f2+ 39. Kd3 e4+ 40. Kxe4 Rxc2 41. h4 Rxa2 42. h5 Ra3 43. h6 Rh1 44. Rg6 Rxh6 45. Rxh6 Rxg3 46. Rh2 Ka4 47. Kd4 b4 48. Ra2+ Ra3 49. Rxa3+ Kxa3 50. Kd3 Ka2 51. Kc4 b3 52. Kb4 b2 53. Ka5 b1Q 54. Kxa6 Qb4 55. Ka7 Kb3 56. Ka6 Kc4 57. Ka7 Kc5 58. Ka8 Kc6 59. Ka7 Qb7# 0-1

[Event "BCF-ch U11"]
[Site "Bournemouth"]
[Date "2016.08.05"]
[Round "7"]
[White "Jamroz, Viktor"]
[Black "Brightley Davies, Ciaran"]
[Result "1-0"]
[WhiteElo "1785"]
[BlackElo "100"]
[PlyCount "85"]
[EventDate "2016.07.31"]
[EventType "swiss"]
[EventRounds "7"]
[EventCountry "ENG"]
[SourceTitle "CBM 173 Extra"]
[Source "ChessBase"]
[SourceDate "2016.08.29"]
[SourceVersion "1"]
[SourceVersionDate "2016.08.29"]
[SourceQuality "1"]

1. e4 e6 2. d4 d5 3. e5 c5 4. c3 Nc6 5. Nf3 Bd7 6. Be2 Rc8 7. 0-0 Be7 8. b3 f6 9. exf6 Nxf6 10. Na3 cxd4 11. cxd4 0-0 12. Nc2 Ne4 13. Bb2 Qc7 14. Rc1 Bd6 15. g3 Rf6 16. Ne3 Qd8 17. Ne5 Qe7 18. N3g4 Rf5 19. f4 Nxe5 20. Nxe5 Rcf8 21. Bg4 R5f6 22. Qe2 a6 23. a4 b5 24. Bf3 Qe8 25. a5 b4 26. Bxe4 Bb5 27. Bd3 Bxd3 28. Qxd3 Bxe5 29. dxe5 Rh6 30. Qe2 Rf5 31. Rf2 Rfh5 32. Qxa6 Qe7 33. Qc8+ Qf8 34. Qd7 d4 35. Rc8 d3 36. Rxf8+ Kxf8 37. Qxd3 Kf7 38. Rc2 Rf5 39. Qd7+ Kg6 40. Qxe6+ Rf6 41. exf6 Kh5 42. Qf5+ g5 43. Qxg5# 1-0

[Event "BCF-ch U11"]
[Site "Bournemouth"]
[Date "2016.08.04"]
[Round "6"]
[White "Hussain, Adam"]
[Black "Brightley Davies, Ciaran"]
[Result "1-0"]
[WhiteElo "130"]
[BlackElo "100"]
[PlyCount "169"]
[EventDate "2016.07.31"]
[EventType "swiss"]
[EventRounds "7"]
[EventCountry "ENG"]
[SourceTitle "CBM 173 Extra"]
[Source "ChessBase"]
[SourceDate "2016.08.29"]
[SourceVersion "1"]
[SourceVersionDate "2016.08.29"]
[SourceQuality "1"]

1. e4 e6 2. d4 d5 3. exd5 exd5 4. Bd3 Bd6 5. Nf3 Qe7+ 6. Be3 Nf6 7. 0-0 0-0 8. c3 Ng4 9. Bd2 c5 10. h3 c4 11. Bc2 Nf6 12. Bg5 h6 13. Re1 Qd8 14. Bh4 b5 15. a3 a5 16. Nbd2 Nc6 17. Ne5 Bb7 18. Ndf3 Be7 19. Qd2 Ne4 20. Bxe4 dxe4 21. Nxc6 Bxc6 22. Bxe7 Qxe7 23. Qc2 b4 24. Ne5 Bd5 25. Ng4 b3 26. Qd2 a4 27. Ne5 Qb7 28. Ng4 f5 29. Ne3 f4 30. Nxd5 Qxd5 31. Qe2 f3 32. Qxe4 Qg5 33. Qg4 Qd2 34. Re7 Qg5 35. Qxg5 hxg5 36. Rc7 Rac8 37. Rxc8 Rxc8 38. gxf3 Rf8 39. Kg2 Kf7 40. Re1 Kf6 41. Re5 Rc8 42. Ra5 Re8 43. Rxa4 Re2 44. Rxc4 Rxb2 45. Rb4 Rb1 46. a4 b2 47. a5 Ke6 48. a6 Kf6 49. a7 Ra1 50. Rxb2 Rxa7 51. Kg3 Rc7 52. Rc2 Kg6 53. Kg4 Re7 54. c4 Re1 55. Kg3 Rd1 56. d5 Kf6 57. Re2 Rc1 58. Re4 g6 59. d6 Rd1 60. c5 Rc1 61. d7 Rd1 62. c6 g4 63. hxg4 Kf7 64. c7 Rxd7 65. c8Q Re7 66. Qc4+ Kf8 67. Rf4+ Kg7 68. Qd4+ Kh7 69. Rf8 Rg7 70. g5 Rg8 71. Rf7+ Rg7 72. Qh4+ Kg8 73. Rxg7+ Kxg7 74. Qh6+ Kg8 75. Qxg6+ Kh8 76. Qe8+ Kg7 77. f4 Kh7 78. f5 Kg7 79. f6+ Kh7 80. g6+ Kh6 81. f4 Kh5 82. g7+ Kh6 83. Kg4 Kh7 84. g8Q+ Kh6 85. Qh5# 1-0

[Event "BCF-ch U11"]
[Site "Bournemouth"]
[Date "2016.08.03"]
[Round "5"]
[White "Brightley Davies, Ciaran"]
[Black "Verma, Shlok"]
[Result "1/2-1/2"]
[WhiteElo "100"]
[BlackElo "1191"]
[PlyCount "71"]
[EventDate "2016.07.31"]
[EventType "swiss"]
[EventRounds "7"]
[EventCountry "ENG"]
[SourceTitle "CBM 173 Extra"]
[Source "ChessBase"]
[SourceDate "2016.08.29"]
[SourceVersion "1"]
[SourceVersionDate "2016.08.29"]
[SourceQuality "1"]

1. e4 e6 2. d4 d5 3. Nd2 Nf6 4. e5 Nfd7 5. Bd3 c5 6. c3 Nc6 7. Ngf3 Qb6 8. Nb3 c4 9. Nbd2 cxd3 10. 0-0 f6 11. exf6 Nxf6 12. Ne5 Nxe5 13. dxe5 Nd7 14. Nf3 Nc5 15. Be3 Qxb2 16. Bxc5 Bxc5 17. Qxd3 Bxf2+ 18. Kh1 Bb6 19. Ng5 Bd7 20. c4 0-0-0 21. Nf7 Bc6 22. Nxh8 dxc4 23. Qh3 Rxh8 24. Qxe6+ Bd7 25. Qxc4+ Bc6 26. Qg4+ Kb8 27. Qxg7 Re8 28. Rae1 Qxa2 29. e6 Qa3 30. e7 Qa5 31. Qf8 Qd5 32. Qg7 Bd4 33. Qg3+ Ka8 34. Rc1 Be5 35. Qg5 h6 36. Qg4 1/2-1/2

[Event "BCF-ch U11"]
[Site "Bournemouth"]
[Date "2016.07.31"]
[Round "2"]
[White "Ray, Hiya"]
[Black "Brightley Davies, Ciaran"]
[Result "1-0"]
[WhiteElo "1442"]
[BlackElo "100"]
[PlyCount "83"]
[EventDate "2016.07.31"]
[EventType "swiss"]
[EventRounds "7"]
[EventCountry "ENG"]
[SourceTitle "CBM 173 Extra"]
[Source "ChessBase"]
[SourceDate "2016.08.29"]
[SourceVersion "1"]
[SourceVersionDate "2016.08.29"]
[SourceQuality "1"]

1. d4 e6 2. Nf3 f5 3. c4 Nf6 4. g3 Be7 5. Bg2 0-0 6. 0-0 d5 7. Qc2 c6 8. Bf4 Ne4 9. Nbd2 Nd7 10. Nxe4 fxe4 11. Ne5 Nxe5 12. Bxe5 Bg5 13. f3 Be3+ 14. Kh1 exf3 15. Rxf3 Rxf3 16. Bxf3 Qb6 17. c5 Qb4 18. Rd1 b5 19. a3 Qa5 20. Qd3 Bg5 21. b4 Qd8 22. Rf1 Bf6 23. Bh5 Bxe5 24. Bf7+ Kh8 25. dxe5 Qg5 26. Be8 g6 27. Qf3 Qf5 28. Qxf5 gxf5 29. Bxc6 Rb8 30. Rf4 Ba6 31. Rh4 Rg8 32. Rh6 Bc8 33. Bxb5 f4 34. gxf4 d4 35. Rf6 Bb7+ 36. c6 Bc8 37. Bc4 d3 38. exd3 Rd8 39. Bxe6 Ba6 40. Bf5 Rg8 41. Rf7 Bb5 42. Rxh7# 1-0